| 000 | 00716nam a2200229Ia 4500 | ||
|---|---|---|---|
| 003 | OSt | ||
| 005 | 20220923231001.0 | ||
| 006 | a|||||r|||| 00| 0 | ||
| 007 | ta | ||
| 008 | 220922b |||||||| |||| 00| 0 pan d | ||
| 024 | _a337,838 | ||
| 037 | _cTextual | ||
| 040 |
_aARTS _cARTS _bpan |
||
| 041 |
_2pan _apan |
||
| 082 | _aQ8441:33, 153K7 | ||
| 100 | _aਸਿੰਘ, ਸੋਹਨ, ਂਚ. | ||
| 245 | 0 | _aਗੁਰੂ ਨਾਨਕ ਦੇਵ ਜੀ | |
| 260 |
_aਲੁਧਿਆਨਾ _b ਸੀਤਲ ਪੁਸਤਕ ਭੰਡਾਰ _c1967 |
||
| 650 |
_aਸਿੱਖ ਧਰਮ _9156314 |
||
| 942 |
_hQ8441:33, 153K7 _cTEXL _2CC |
||
| 999 |
_c388606 _d388606 |
||